Höchsten Bauwerke der Welt - Statistiken

Allgemein
  • Dieses Quiz wurde 103 mal gespielt
  • Das Durchschnittsergebnis liegt bei 3 aus 15
Antwortstatistiken
Höhe (m) Bauwerk % Korrekt
830 Burj Khalifa
88%
541 One World Trade Center
45%
632 Shanghai Tower
32%
634 Tokyo Sky Tree
25%
508 World Trade Center
23%
492 Taipei 101
21%
553 CN Tower
19%
527 Willis Tower
15%
600 Canton Tower
11%
555 Lotte World Tower
11%
599 Ping An International Finance Center
10%
601 Mecca Royal Clock Tower Hotel
8%
484 Shanghai World Financial Center
5%
530 Chow Tai Fook Centre
1%
537 Ostankino-Turm
1%
Keine übereinstimmenden Quizze gefunden
Verteilung der Resultate
Anzahl Personen mit jedem Resultat
Perzentil nach korrekt beantworteten Fragen
Ihre Resultats-Entwicklung
Sie haben dieses Quiz noch nicht gespielt